Cricket: Biggest Sixes in Each IPL Season - Statistics

General Stats
  • This quiz has been taken 73 times
    11 since last reset
  • The average score is 8 of 19
Answer Stats
Year Country Team Bowler Distance Answer % Correct
2013 WI Royal Challengers Bangalore Ali Mortaza 119m Chris Gayle
100%
2019 IND Chennai Super Kings Umesh Yadav 111m MS Dhoni
80%
2012 IND Chennai Super Kings James Franklin 112m MS Dhoni
80%
2018 SA Royal Challengers Bangalore Imran Tahir 111m AB de Villiers
70%
2015 SA Royal Challengers Bangalore Lasith Malinga 108m AB de Villiers
70%
2025 IND Chennai Super Kings Lungi Ngidi 109m Ravindra Jadeja
50%
2024 WI Lucknow Super Giants Reece Topley 106m Nicholas Pooran
40%
2020 WI Punjab Kings Abdul Samad 106m Nicholas Pooran
40%
2021 IND Chennai Super Kings Mustafizur Rahman 108m Ruturaj Gaikwad
40%
2011 AUS Deccan Chargers Charl Langeveldt 122m Adam Gilchrist
30%
2008 SA Chennai Super Kings Pragyan Ojha 124m Albie Morkel
30%
2023 SA Royal Challengers Bangalore Ravi Bishnoi 115m Faf du Plessis
30%
2022 ENG Punjab Kings Mohammed Shami 117m Liam Livingstone
30%
2008 IND Royal Challengers Bangalore Yusuf Pathan 124m Praveen Kumar
20%
2009 IND Kings XI Punjab Albie Morkel 118m Yuvraj Singh
20%
2016 AUS Sunrisers Hyderabad Shane Watson 117m Ben Cutting
10%
2014 SA Kings XI Punjab Harshal Patel 102m David Miller
10%
2017 AUS Royal Challengers Bangalore Umesh Yadav 109m Travis Head
10%
2010 IND Royal Challengers Bangalore Dwayne Bravo 120m Robin Uthappa
0%
No matching quizzes found
Score Distribution
Percent of People with Each Score
Percentile by Number Answered
Your Score History
You have not taken this quiz since the last reset